Loading...
History - Other History | 0 | 9 | 0 | 1 | 90 | 70 | 121.89 | 0 | 1 |
Science - Biology | 0 | 7 | 1 | 2 | 65 | 89 | 116.57 | 0 | 0 |
Religion | 0 | 6 | 1 | 1 | 55 | 97 | 126.17 | 0 | 1 |
History - American History | 0 | 5 | 0 | 2 | 50 | 101 | 130.60 | 0 | 0 |
History - World History | 0 | 5 | 0 | 1 | 50 | 104 | 130.40 | 0 | 0 |
Geography | 0 | 5 | 1 | 3 | 45 | 79 | 111.40 | 0 | 1 |
History - European History | 0 | 4 | 0 | 1 | 40 | 104 | 125.00 | 0 | 0 |
Other Academic | 0 | 4 | 0 | 1 | 40 | 68 | 112.25 | 0 | 1 |
Science - Other Science | 0 | 3 | 0 | 0 | 30 | 121 | 139.33 | 0 | 0 |
Science - Chemistry | 0 | 3 | 1 | 0 | 25 | 112 | 120.33 | 0 | 0 |
Fine Arts - Other Fine Arts | 0 | 3 | 1 | 1 | 25 | 99 | 123.67 | 0 | 0 |
Social Science | 0 | 2 | 0 | 1 | 20 | 141 | 144.00 | 0 | 0 |
Mythology | 0 | 1 | 0 | 0 | 10 | 162 | 162.00 | 0 | 0 |
Fine Arts - Painting & Sculpture | 0 | 1 | 0 | 1 | 10 | 136 | 136.00 | 0 | 0 |
Fine Arts - Classical Music | 0 | 1 | 0 | 0 | 10 | 145 | 145.00 | 0 | 0 |
Current Events | 0 | 0 | 1 | 0 | -5 | 0.00 | 0 | 0 |